ARRUPE JESUIT UNIVERSITY

CORONAVIRUS -STOP THE SPREAD - CLEAN,DISINFECT,COVER

Philosophical foundations of physics; (Record no. 124213)

MARC details
000 -LEADER
fixed length control field 00779cam a22002411 4500
001 - CONTROL NUMBER
control field 1697221
003 - CONTROL NUMBER IDENTIFIER
control field ARRUPE
005 - DATE AND TIME OF LATEST TRANSACTION
control field 20160223114342.0
008 - FIXED-LENGTH DATA ELEMENTS--GENERAL INFORMATION
fixed length control field 711020s1966 nyua b 000 0 eng
010 ## - LIBRARY OF CONGRESS CONTROL NUMBER
LC control number 66016499
040 ## - CATALOGING SOURCE
Original cataloging agency DLC
Transcribing agency DLC
Modifying agency DLC
050 00 - LIBRARY OF CONGRESS CALL NUMBER
Classification number QC6
Item number .C33
082 00 - DEWEY DECIMAL CLASSIFICATION NUMBER
Classification number 530.01
300 ## - PHYSICAL DESCRIPTION
Other physical details illus.
Dimensions 24 cm.
100 1# - MAIN ENTRY--PERSONAL NAME
Personal name Carnap, Rudolf,
Dates associated with a name 1891-1970.
9 (RLIN) 22420
245 10 - TITLE STATEMENT
Title Philosophical foundations of physics;
Remainder of title an introduction to the philosophy of science.
Statement of responsibility, etc Edited by Martin Gardner.
260 ## - PUBLICATION, DISTRIBUTION, ETC. (IMPRINT)
Place of publication, distribution, etc New York,
Name of publisher, distributor, etc Basic Books, inc.
Date of publication, distribution, etc 1966
300 ## - PHYSICAL DESCRIPTION
Extent x, 300 p.;
504 ## - BIBLIOGRAPHY, ETC. NOTE
Bibliography, etc Bibliography: p. 293-295.
650 #0 - SUBJECT ADDED ENTRY--TOPICAL TERM
Topical term or geographic name as entry element Physics
General subdivision Philosophy.
9 (RLIN) 22421
700 ## - ADDED ENTRY--PERSONAL NAME
Personal name Gardner, Martin
Relator term ed.
9 (RLIN) 22422
906 ## - LOCAL DATA ELEMENT F, LDF (RLIN)
a 7
b cbc
c orignew
d u
e ocip
f 19
g y-gencatlg
942 ## - ADDED ENTRY ELEMENTS (KOHA)
Source of classification or shelving scheme Library of Congress Classification
Koha item type Monograph ( Printed materials)
Holdings
Withdrawn status Lost status Source of classification or shelving scheme Damaged status Not for loan Collection code Home library Current library Shelving location Date acquired Total Checkouts Full call number Barcode Date last seen Price effective from Koha item type
    Library of Congress Classification     Main Collection ARRUPE LIBRARY ARRUPE LIBRARY Main Collection 23/02/2016   QC6.C33 46500006785 02/07/2019 23/02/2016 Monograph ( Printed materials)

 

Arrupe Library. PO Box MP320 Mt Pleasant, Harare, Zimbabwe
263 242 745411|librarian@aju.ac.zw